Kenapa nyamuk hisap darah manusia

Bibliographic Details
Main Author: Bahasa Othman
Format: Book
Published: Shah Alam : Karisma Publications Sdn Bhd , 2004
Series:Siri asal-usul emas
Subjects:

MARC

LEADER 00000cam a2200000 7i4500
001 0000073150
005 20170528.0
008 170528
020 |a 9832482739(set) 
020 |a 9832482798 
090 0 0 |a JF   |b MAL 
100 1 |a Bahasa Othman 
245 1 0 |a Kenapa nyamuk hisap darah manusia   |c Bahasa Othman 
260 |a Shah Alam :   |b Karisma Publications Sdn Bhd ,   |c 2004 
300 |a 30pg. :   |b Col.ill 
490 1 |a Siri asal-usul emas 
650 0 |a Malay fiction 
999 |a 0000008181   |b Book   |c Children Collection   |e Cawangan Taman Universiti 
999 |a 0000008182   |b Book   |c Children Collection   |e Cawangan Taman Universiti 
999 |a 0000008183   |b Book   |c Children Collection   |e Cawangan Taman Universiti 
999 |a 0000008184   |b Book   |c Children Collection   |e Cawangan Taman Universiti 
999 |a 0001051981   |b Book   |c Children Collection   |e Cawangan Segamat 
999 |a 0001051982   |b Book   |c Children Collection   |e Cawangan Bandar Penawar 
999 |a 0001051983   |b Book   |c Children Collection   |e Cawangan Taman Universiti